00312nam a2200121Ia 4500001000900000003000500009008004100014010001100055040000900066100003700075245004800112260003000160dia_6604CHAP220117s2013 xx 000 0 und d a177906 cCHAP aSerrano Covarrubias, Luis Manuel aEl cultivo del frijol : sistemas de siembra aMéxico :b UACh,c2013